1991 Festival of American Folklife (Record no. 9103)

MARC details
000 -CABECERA
campo de control de longitud fija 00601nam a2200205 a 4500
001 - NÚMERO DE CONTROL
campo de control BRL_290
005 - FECHA Y HORA DE LA ÚLTIMA TRANSACCIÓN
campo de control 20190320210654.0
008 - DATOS DE LONGITUD FIJA--INFORMACIÓN GENERAL
campo de control de longitud fija 220713s1991----u--o######---#000-0#eng-#
041 ## - CÓDIGO DE LENGUA
Código de lengua del texto/banda sonora o título independiente eng
044 ## - CÓDIGO DEL PAÍS DE LA ENTIDAD EDITORA/PRODUCTORA
Código MARC del país u
084 ## - OTRO NÚMERO DE CLASIFICACIÓN
Número de clasificación GR105
-- .S65
Número de documento/Ítem 1991
110 2# - ENTRADA PRINCIPAL--NOMBRE DE ENTIDAD CORPORATIVA
Nombre de entidad corporativa o nombre de jurisdicción como elemento de entrada Smithsonian Institution
9 (RLIN) 13209
245 10 - MENCIÓN DE TÍTULO
Título 1991 Festival of American Folklife
Resto del título june 28-july 1, july 4-july 7
Mención de responsabilidad, etc. Smithsonian Institution.
260 ## - PUBLICACIÓN, DISTRIBUCIÓN, ETC.
Lugar de publicación, distribución, etc. [Estados Unidos ]
Nombre del editor, distribuidor, etc. Smithsonian Institution
Fecha de publicación, distribución, etc. 1991
300 ## - DESCRIPCIÓN FÍSICA
Extensión 112 p.
Otras características físicas il.
Dimensiones 28 cm.
500 ## - NOTA GENERAL
Nota general Au2112
650 14 - PUNTO DE ACCESO ADICIONAL DE MATERIA--TÉRMINO DE MATERIA
Término de materia o nombre geográfico como elemento de entrada Folclor
Subdivisión de forma Congresos
Subdivisión geográfica América
9 (RLIN) 23471
902 ## - CATALOGADOR
Iniciales GRL
942 ## - ELEMENTOS DE PUNTO DE ACCESO ADICIONAL (KOHA)
Fuente del sistema de clasificación o colocación Library of Congress Classification
Tipo de ítem Koha Libros
Holdings
Estado de retiro Estado de pérdida Estado dañado No para préstamo Localización permanente Ubicación/localización actual Fecha de adquisición Número de inventario Total de préstamos Signatura topográfica completa Código de barras Fecha visto por última vez Precio válido a partir de Tipo de ítem Koha
El ejemplar forma parte de la colección y puede ser consultado según las políticas vigentes.       Biblioteca Centro de Estudios Ruth D. Lechuga Biblioteca Centro de Estudios Ruth D. Lechuga 22/07/2013 Au2112   GR105 1991 .S65 (Au2112) GRL00305 22/03/2019 22/03/2019 Libros